01315nam a2200253 a 450000100100000000500170001000800410002702000180006804000250008608200210011110000290013224500840016126001020024530000270034750400540037465000610042891000400048904900090052995201330053895201330067195201180080495201240092299900150104600000336020200929150426.0090708s2009 dr a 000 0 spa d a9789993425786 aDO-SdBNPbspacBNPHU a616.01078bE77La1 aEspinal, Georgina91049810aLaboratorio de microbiología II :bmanual de prácticas /cGeorgina Espinal. aSanto Domingo :bInstituto Tecnológico de Santo Domingo. Área de Ciencias de la Salud,c2009. a64 p. :bil. ;c28 cm. aIncluye referencias bibliográficas ( p. 63-64 ) 4aMicrobiología médicavMANUALES DE LABORATORIO910499 aValidado. Control de calidad BNPHU. aBNPD 001054708DSaGRbGRcCTd2010-02-13iLF1l0o616.01078 E77Lap3360-40r2020-06-25te. 3w2020-06-25yLFDSZPréstamo en sala 001054708DSaGRbGRcCTd2010-02-13iLF1l0o616.01078 E77Lap3360-50r2020-06-25te. 4w2020-06-25yLFDSZPréstamo en sala 0010718PDaPDbPDcCTd2009-07-08iLF1l0o616.01078 E77Lap3360-10r2020-06-25w2020-06-25yLFPDZNo se presta 0010718PDaPDbPDcCTd2009-07-08iLF1l0o616.01078 E77Lap3360-20r2020-06-25te. 2w2020-06-25yLFPDZNo se presta c3191d3191